Monterrey City Trivia - Statistics

General Stats
  • This quiz has been taken 25 times
  • The average score is 14 of 20
Answer Stats
Hint Answer % Correct
Which Mexican state is Monterrey the capital of? Nuevo León
100%
Which suburb has the best quality of life in Mexico and is one of the richest in Latin America? San Pedro Garza García
95%
Which mountain with a saddle-shaped profile is a major symbol of the city? Cerro de la Silla
89%
Which park is located on the grounds of what once was the first steel and iron foundry in Latin America? Parque Fundidora
89%
Which is the only Mexican Baseball League team in Monterrey? Sultanes de Monterrey
89%
What are the two professional soccer teams based in Monterrey? Tigres UANL and C.F. Monterrey
89%
Which university is the oldest in its state and is the most important in northeastern Mexico? Universidad Autónoma de Nuevo León
89%
What is the name given to a young goat, whose meat is a traditional dish of the city? Cabrito
84%
Which global cement company, ranked as the 5th largest in 2020, is headquarted in the city? CEMEX
84%
Which international chain of convenience stores with over 21,00 stores is headquarted in Monterrey? Oxxo
79%
In what year did the city host 8 matches during the World Cup? 1986
74%
What is the demonym of Monterrey? Regio/Regiomontano
74%
Which company operates the largest independent Coca-Cola bottling group in the world and owns the answer to the above? FEMSA
53%
Which 2010 hurricane is considered the worst weather phenomeon in Monterrey's history? Hurricane Alex
47%
Which city square is the largest in North America and the fifth-largest in the world? Macroplaza
47%
Which short-lived republic was Monterrey a part of in 1840? Republic of the Rio Grande
47%
In which war did the Battle of Monterrey occur? Mexican-American War
42%
Which sport do the Fundidores Monterrey play? American Football
37%
Who founded the settlement in 1596? Diego de Montemayor
26%
Which major brewery founded in 1890 is nowadays a subsidiary of Heineken? Cervecería Cuauhtémoc Moctezuma
21%
No matching quizzes found
Score Distribution
Percent of People with Each Score
Percentile by Number Answered
Your Score History
You have not taken this quiz